00477 2200157 4500001002100000005001500021035002000036007000300056008003900059082000700098084001300105100002400118245011700142260004500259990001500304INLIS00000000000484420250109123359 a0010-0125000551ta250109 | | |  a71 a71 ANI t0 aAnita Permata Putri1 aTingkat Pengetahuan Masyarakat Desa Jabiren Kabupaten Pulang Pisau Tentang Kanker Serviks /cAnita Permata Putri aPalangkaraya :bPerpustakaan UMPR,c2018 a1471015828